Movies Quiz

Random Movies or Actor Quiz
Score 0/14 Timer 04:00
0 Plays Today
Character's area of expertise Actor name % Correct
The Cooler KingSteve McQueen
99.4%
The ScroungerJames Garner
87.4%
The Tunnel KingCharles Bronson
85.6%
Big XRichard Attenborough
79%
The ManufacturerJames Coburn
67.1%
The ForgerDonald Pleasence
59.9%
DispersalDavid McCallum
42.5%
Character's area of expertise Actor name % Correct
IntelligenceGordon Jackson
29.3%
The TunnellerJohn Leyton
19.8%
The SBOJames Donald
19.2%
The MoleAngus Lennie
17.4%
The SurveyorNigel Stock
15.6%
DiversionsLawrence Montaigne
4.8%
DiversionsTom Adams
2.4%
Remove Ads.
Support Sporcle.
Get the best of Sporcle when you Go Orange. This ad-free experience offers more features, more stats, and more fun while also helping to support Sporcle. Thank you for becoming a member.

You're not logged in!

Compare scores with friends on all Sporcle quizzes.
OR
Log In

Show Comments

Extras

Top Quizzes Today


Score Distribution

Your Account Isn't Verified!

In order to create a playlist on Sporcle, you need to verify the email address you used during registration. Go to your Sporcle Settings to finish the process.

Report this User

Report this user for behavior that violates our Community Guidelines.

Details: